000 06391cam a22018854i 4500
003 PE-LiUPU
005 20250813165332.0
008 151127s2013 sp a r 001 0 spa d
020 _a8415541937
020 _a9788415541936
035 _a(Sirsi) i9788415541936
040 _aPE-LiUPU
_bspa
_cPE-LiUPU
_erda
049 _aPRUA
082 0 4 _a641.308
_bN94
100 1 _aNúñez, Manuel,
_eautor.
245 1 0 _aGuía completa de aditivos alimentarios /
_cManuel Núñez y Claudina Navarro.
250 _aPrimera edición.
264 1 _aBarcelona :
_bRBA Integral,
_c2013.
300 _a207 páginas :
_bilustraciones ;
_c21 centímetros
336 _atext
_2rdacontent
337 _aunmediated
_2rdamedia
338 _avolume
_2rdacarrier
504 _aÍndice : páginas 195-206.
505 0 _aRELACIÓN DE ADITIVOS ALIMENTARIOS -- Los colorantes -- Los conservantes -- Los antioxidantes -- Los espesantes -- Agentes de relleno -- Los emulgentes -- Acidulantes y reguladores de la acidez -- Aromatizantes y potenciadores del sabor -- Excipientes y disolventes portadores -- Gases propelentes y de envasado -- Edulcorantes y sustitutos del azúcar -- Enzimas -- Agentes liberadores -- Suplementos -- Aditivos funcionales -- Otros aditivos -- MÁS ALLÁ DE LOS NÚMEROS «E» -- Vitaminas -- Aromatizantes La química engaña el sentido del gusto -- La aromatización tiene tradición -- Nos condicionan desde niños -- Los riesgos para la salud -- Aditivos en los productos ecológicos Un asunto espinoso -- Están permitidas de sustancias -- El caso del E -- Agitar la nata, en lugar de añadirle carragenano -- Vino ecológico El vino goza de su propia normativa ecológica -- Vino de uvas ecológicas, pero no «vino ecológico» -- Etiquetado de los alimentos Una´ información todavía deficiente -- Información sobre los alérgenos -- Excepciones peligrosas -- Nanotecnología Jugando con fuego -- ¿Nadie sabe nada? -- Una caja de Pan-dora por abrir -- Nano plata e infecciones -- Transgénicos Los aditivos transgénicos están aquí -- Soja transgénica, la más extendida -- ¿Dónde puede haber aditivos modificados genética-mente? -- Anexos -- Recuadro general del grado de peligrosidad de los aditivos -- Índice de recuadros -- Índice de aditivos -- Legislación -- Bibliografía.
526 _aP203
526 _aP200
526 _aSEG65
526 _aSEG64
526 _aSEG63
526 _aSEG62
526 _aSEG61
526 _aSEG60
526 _aSEG59
526 _aSEG58
526 _aSEG57
526 _aSEG56
526 _aSEG55
526 _aSEG54
526 _aSEG53
526 _aSEG52
526 _aSEG51
526 _aSEG50
526 _aSEG49
526 _aSEG48
526 _aSEG47
526 _aSEG46
526 _aSEG24
526 _aSEG23
526 _aSEG22
526 _aSEG21
526 _aSEG20
526 _aSEG19
526 _aSEG18
526 _aSEG17
526 _aSEG16
526 _aSEG14
526 _aSEG13
526 _aSEG12
526 _aSEG11
526 _aSEG10
526 _aSEG09
526 _aSEG06
526 _aSEG05
526 _aSEG04
526 _aSEG03
526 _aSEG02
526 _aSEG68
526 _aSEG66
526 _aSEG45
526 _aSEG25
526 _aSEG01
526 _aP163
526 _aP162
526 _aP161
526 _aP160
526 _aP159
526 _aP158
526 _aP157
526 _aP156
526 _aP155
526 _aP154
526 _aP153
526 _aP152
526 _aP151
526 _aP150
526 _aP149
526 _aP142
526 _aP141
526 _aP140
526 _aP139
526 _aP138
526 _aP137
526 _aP132
526 _aP131
526 _aP130
526 _aP126
526 _aP125
526 _aP124
526 _aP123
526 _aP115
526 _aP122
526 _aP121
526 _aP116
526 _a P114
526 _aP112
526 _aP111
526 _aP104
526 _aP103
526 _aP102
526 _aP101
526 _aP100
526 _aP96
526 _aP95
526 _aP93
526 _aP92
526 _aP91
526 _aP88
526 _aP83
526 _aP82
526 _aP79
526 _aP78
526 _aP75
526 _aP74
526 _aP71
526 _aP69
526 _a P51
526 _aP49
526 _aP48
526 _aP47
526 _aP33
526 _aP31
526 _a P30
526 _aP29
526 _aP27
526 _aP26
526 _aP25
526 _aP24
526 _a P22
526 _aP10
526 _aP09
526 _a P08
526 _aP06
526 _aP05
526 _aP04
526 _aP01
541 _g001-003072;
541 _g001-003040;
650 1 4 _aAditivos alimentarios.
700 1 _aNavarro, Claudina,
_eautor.
910 _ardg
_bjck
_crdg
_d20151127
942 _2ddc
_cBOOK
949 _a641.308 N94
_wDEWEY
_c1
_i72233
_d2016-4-25
_e2016-4-20
_lCCODEBUL1
_mBUL
_n1
_p23.23
_r0
_sY
_tBOOK
_u2015-11-27
_xSALUD
_PP33
_0COMPRA
_o.STAFF. Colección General
949 _a641.308 N94
_wDEWEY
_c2
_i72234
_d2016-6-12
_e2016-6-8
_lCCODEBUL1
_mBUL
_n1
_p23.23
_r0
_sY
_tBOOK
_u2015-11-27
_xSALUD
_PP33
_0COMPRA
_o.STAFF. Colección General
949 _a641.308 N94
_wDEWEY
_c3
_i72252
_d2016-4-17
_e2016-4-14
_lCCODEBUL1
_mBUL
_n1
_p23.13
_r0
_sY
_tBOOK
_u2016-1-6
_xSALUD
_PP26
_0COMPRA
_2UNKNOWN
_o.STAFF. Colección General
994 _aC0
_bPEPRU
596 _a1
999 _a641.308 N94
_wDEWEY
_c8019
_i72233
_d8019
_e2019-9-20
_f2021-11-4
_g5
_lCCODEBUL1
_mBUL
_n4
_p23.23
_q1
_r0
_sY
_tBOOK
_u2015-11-27
_xSALUD
_PP33
_0COMPRA
_o.STAFF. Colección Ciencias de la Salud
999 _a641.308 N94
_wDEWEY
_c2
_i72234
_d2019-11-11
_e2019-11-3
_f2021-11-4
_g5
_lCCODEBUL1
_mBUL
_n6
_p23.23
_q2
_r0
_sY
_tBOOK
_u2015-11-27
_xSALUD
_PP33
_0COMPRA
_o.STAFF. Colección Ciencias de la Salud
999 _a641.308 N94
_wDEWEY
_c3
_i72252
_d2019-11-7
_e2019-11-6
_f2019-2-21
_g3
_lCCODEBUL1
_mBUL
_n4
_p23.13
_q2
_r0
_sY
_tBOOK
_u2016-1-6
_xSALUD
_PP26
_0COMPRA
_2UNKNOWN
_o.STAFF. Colección General
980 _81
_gALBERTO SANCHEZ Responsable de Automatización